فؤاد الأول : (Record no. 12385)

MARC details
000 -الفاتح
حقل البيانات ثابتة الطول 01145nam a2200289 i 4500
003 - محدد رقم الضبط
رقم الضبط EG-ScBUE
005 - وقت وتاريخ اخر تعامل مع التسجيلة
رقم الضبط 20240707110956.0
008 - عناصر البيانات ثابتة الطول - معلومات عامة
حقل البيانات ثابتة الطول 090722s2008 ua o f b 000 0 ara d
017 ## - رقم الإيداع القانونى
رقم الإيداع القانونى 2005 / 3103
020 ## - الرقم الدولى المعيارى للكتب
الرقم الدولى المعيارى للكتاب 9770912069
040 ## - مصدر الفهرسة
وكالة الفهرسة الأصلية EG-ScBUE
لغة الفهرسة ara
قواعد الوصف rda
وكالة النسخ EG-ScBUE
وكالة التعديل EG-ScBUE
043 ## - رمز المنطقة الجغرافية
رمز المنطقة الجغرافية f-ua---
082 04 - رقم تصنيف ديوى العشرى
رقم التصنيف 962.046
رقم المادة ر ز ق
رقم الطبعة 22
100 1# - المدخل الرئيسى - إسم شخصى
الإسم الشخصى رزق، يونان لبيب،‏
التواريخ المصاحبة للاسم 1933-2008‏،
الدور مؤلف.
245 10 - بيان العنوان
العنوان فؤاد الأول :
بقية العنوان المعلوم والمجهول /
بيان المسئوليه,etc د. يونان لبيب رزق.
250 ## - بيان الطبعة
بيان الطبعة الطبعة الثالثة.
264 #1 - النشر، التوزيع
مكان الناشر او الموزع القاهرة :
اسم الناشر او الموزع دار الشروق،
تاريخ النشر أو التوزيع 2008.
300 2# - الوصف المادى
التعداد 211 صفحة :
تفاصيل ماديه اخرى للوعاء صور ؛
أبعاد الوعاء 24 سم.
336 ## - نوع المحتوى
source rdacontent
Carrier Type Term نص
Content Type Code txt
337 ## - نوع الوسيط
Media Type Term بدون وسيط
source rdamedia
Media Type Code n
338 ## - نوع الحامل أو الناقل
Carrier Type Term مجلد
Carrier Type Code nc
source rdacarrier
490 0# - بيان السلسلة
عنوان السلسلة التاريخ، الجانب الآخر، إعادة قراءة للتاريخ المصري ؛
رقم المجلد/ التعيين التسلسلي 1
504 ## - تبصرة ببليوجرافية
تبصرة ببليوجرافية,الخ يشتمل على إرجاعات ببليوجرافية.
651 #7 - المدخل الاضافى بالموضوع - اسم جغرافى
9 (RLIN) 8095
الاسم الجغرافي مصر
التقسيم الفرعي العام تاريخ
التقسيم الفرعي الزمني العصر الحديث
-- أحمد فؤاد 1917-1922.
مصدر الرأس أو المصطلح BUEsh
655 ## - مصطلح تكشيفى-نوع/شكل
التقسيم الفرعي الشكلي Reading book
942 ## - عناصر المدخل الإضافي( كوها)
مصدر التصنيف او مخطط الترفيف Dewey Decimal Classification
Koha [default] item type Book - Borrowing
Holdings
حالة التراجع حالة الفقد مصدر التصنيف او خطة الترفيف حالة تلف ليس للاعارة مجموعات كوها المكان الدائم المكان الحالي موقع الترفيف تاريخ الاكتساب Source of acquisition رقم الاستدعاء الباركود Date last seen نوع الوعاء سعر الشراء الطبيعي تعداد مسلسل / التسلسل الزمني مُعار
    Dewey Decimal Classification     Alef-Baa Central Library Central Library Second Floor 22/07/2009 Purchase 962.046 ر ز ق 000017366 15/07/2025 Book - Borrowing      
    Dewey Decimal Classification     Alef-Baa Central Library Central Library Second Floor 22/07/2009 Purchase 962.046 ر ز ق 000017367 15/07/2025 NB - Book (Non borrowing)      
    Dewey Decimal Classification     Alahram Central Library Central Library Second Floor 27/03/2012 Purchase 962.046 ر ز ق 000026550 15/07/2025 Book - Borrowing 33.00 28 28/09/2015